Responses for Show #2163 - Wednesday, January 19, 1994

Contestants

[<< previous game]

Tamara Manning, a computer graphics designer from Chicago, Illinois

Kevin Foley, an accountant from Rockledge, Pennsylvania

Dolores Kass, a New York City probation officer from Brooklyn, New York (whose 1-day cash winnings total $10,500)

[next game >>]

Jeopardy! Round responses

AMERICAN HISTORY
POP MUSIC
FOOD
CASEY AT THE BAT
HIGHWAYS & BYWAYS
FROM THE HINDI
    $100 6
Japan

Kevin
    $100 11
"King Of The Road"

Dolores
    $100 12
a pickle

Kevin
    $100 1
Mudville

Kevin
    $100 17
Massachusetts

Dolores
    $100 26
shampoo

Kevin
    $200 7
Richmond

Dolores
    $200 13
The Doors

Kevin
    $200 22
wontons

Dolores
    $200 2
2

Dolores
    $200 18
(Tamara: What is the Appalachian Trail?)

the Wilderness Road (or Wilderness Route)

Tamara
Triple Stumper
    $200 27
the tom tom

Dolores
    $300 8
Cambodia

Kevin
    $300 14
(Tamara: What is Melrose Place?)

Beverly Hills 90210

Tamara
Triple Stumper
    $300 23
veal

Kevin
    $300 3
Casey Stengel

Tamara
    $300 19
(Tamara: What is Vermont?)

Maine

KevinTamara
    $300 28
pajamas

Kevin
    $500 9
the Gadsden Purchase

Kevin
    $400 15
"Return To Sender"

Triple Stumper
    $400 24
linguine

Tamara
    $400 4
(Kevin: What is Los Angeles?)

San Francisco

DoloresKevin
    $400 20
Atlanta

Kevin
    $400 29
(Tamara: What is an ascot?)

a bandana

Tamara
Triple Stumper
    $500 10
the Department of the Interior

Tamara
    $500 16
"Muskrat Love"

Kevin
    $500 25
Delmonico

Kevin
    $500 5
(Tamara: What are first and third?)

second & third

KevinTamara
    $500 21
Abraham Lincoln

Triple Stumper
    $500 30
a jungle

Kevin

Scores at the first commercial break (after clue 15):

Dolores Kevin Tamara
$900 $1,400 $0

Scores at the end of the Jeopardy! Round:

Dolores Kevin Tamara
$1,400 $4,300 -$500

Double Jeopardy! Round responses

WORLD FACTS
ORGANIZATIONS
ART
1951
FINANCE
LITERATURE
    $200 26
Hungary

Dolores
    $200 21
the Daughters of the American Revolution

Dolores
    $200 16
(Tamara: Who is John Muir?)

Audubon

DoloresTamara
    $200 6
the presidency

Kevin
    $200 1
a pension plan

Kevin
    $200 11
Hawthorne

Kevin
    $400 22
(Alex: With a minute to go in the round.)

horse racing

Dolores
    $400 17
Cubism

Dolores
    $400 7
Churchill

Kevin
    $400 2
the annual percentage rate

Tamara
    $400 12
Show Boat

Triple Stumper
    $600 23
the Cousteau Society

Triple Stumper
    $600 18
Michelangelo

Tamara
    $600 8
the United Auto Workers

Kevin
    $600 3
dividends

Kevin
    $600 13
The Executioner's Song

Triple Stumper
    $800 27
English

Triple Stumper
    $800 24
the National Safety Council

Triple Stumper
    $800 19
Georgia O'Keeffe

Dolores
    $1,300 9
the Declaration of Independence

Kevin
    $800 4
a debit card

Tamara
    $800 14
(Kevin: What is The Portrait of Dorian Gray?)

The Picture of Dorian Gray

Kevin
Triple Stumper
    $3,000 28
(Dolores: What is Portugal?)
[The end-of-round signal sounds.]

the Netherlands

Dolores
    $1000 25
(Dolores: What is International Workers of the World?)

the Industrial Workers of the World

Dolores
Triple Stumper
    $1000 20
Francisco Goya

Triple Stumper
    $1000 10
the Abbey Theatre

Triple Stumper
    $1000 5
(Tamara: What is National?)

Securities

KevinTamara
    $1000 15
The Scarlet Pimpernel

Dolores

Scores at the end of the Double Jeopardy! Round:

Dolores Kevin Tamara
$600 $8,000 $100
(lock game)

[wagering suggestions for these scores]

Final Jeopardy! Round responses

THE 50 STATES
(Alex: Because of the two facts we gave you, this state has the greatest population density in the U.S.)
TamaraWhat is Rhode Island?
$13
DoloresWhat is Illinois?
$599
KevinWhat is Massachusettes
$1,300
New Jersey

Final scores:

Dolores Kevin Tamara
$1 $6,700 $87
3rd place: Konica iBorg 35mm camera + Wheel of Fortune & Jeopardy! games for the Super Nintendo & Sega Genesis New champion: $6,700 2nd place: trip to Washington, D.C.

Game dynamics:

Coryat scores:

Dolores Kevin Tamara
$3,600 $7,400 $100
14 R,
2 W
(including 1 DD)
23 R
(including 2 DDs),
2 W
6 R,
7 W

Combined Coryat: $11,100

[game clues] [game scores] [suggest correction]

Game tape date: 1993-09-28
The J! Archive is created by fans, for fans. Scraping, republication, monetization, and malicious use prohibited; this site may use cookies and collect identifying information. See terms. The Jeopardy! game show and all elements thereof, including but not limited to copyright and trademark thereto, are the property of Jeopardy Productions, Inc. and are protected under law. This website is not affiliated with, sponsored by, or operated by Jeopardy Productions, Inc. Join the discussion at JBoard.tv.